| 000 | 00360nam a22001337a 4500 | ||
|---|---|---|---|
| 020 | _a9780198736080 | ||
| 082 |
_a346.42066 _bBLA |
||
| 245 |
_aBlackstone's Statutes on Company Law 2015-2016 / _cEdited by Derek French |
||
| 250 | _a19th Editon. | ||
| 260 |
_aOxford: _bOxford University Press, _c2015. |
||
| 300 | _a748 p. | ||
| 563 | _aPB. | ||
| 942 |
_2ddc _cBK |
||
| 999 |
_c613783 _d613783 |
||